Rozvoj siete prevádzkových jednotiek záverečná práca postgraduálneho štúdia

Na minha lista:
Detalhes bibliográficos
Autor principal: Novák, Marián
Autor Corporativo: Vysoká škola ekonomická v Bratislave
Outros Autores: Viestová, Kristína
Formato: Livro
Idioma:eslovaco
Publicado em: Bratislava 1988
Tags: Adicionar Tag
Sem tags, seja o primeiro a adicionar uma tag!

MARC

LEADER 00000nam a2200000 4500
001 c040102
005 20260108081544.8
041 0 |a slo 
044 |a SK 
245 1 0 |a Rozvoj siete prevádzkových jednotiek  |b záverečná práca postgraduálneho štúdia  |c Marián Novák ; Ved. práce Kristína Viestová 
264 1 |a Bratislava  |c 1988 
300 |a 105 s. 
100 1 |a Novák, Marián 
700 1 |a Viestová, Kristína 
710 2 |a Vysoká škola ekonomická v Bratislave